Saltar al contenido
Inicio
Centros participantes
Catálogo
Servicios
Contacto
כניסה לחשבון
English
Deutsch
Español
Français
Italiano
日本語
Nederlands
Português
Português (Brasil)
中文(简体)
中文(繁體)
Türkçe
עברית
Gaeilge
Cymraeg
Ελληνικά
Català
Euskara
Русский
Čeština
Suomi
Svenska
polski
Dansk
slovenščina
اللغة العربية
বাংলা
Galego
Tiếng Việt
Hrvatski
हिंदी
Հայերէն
Українська
Sámegiella
שפה
כל השדות
כותר
מחבר
נושא
סימן המיקום
ISBN/ISSN
תג
מצא
מתקדם
Política económica neoliberal...
יצירת מראה מקום
שלח את זה
הדפסה
יצוא רשומה
יצוא אל RefWorks
יצוא אל EndNoteWeb
יצוא אל EndNote
הוספה למועדפים
Enlace Permanente
Agregar primera valuación
Política económica neoliberal y la obstrucción del aparato productivo en las economías de la periferia
שמור ב:
מידע ביבליוגרפי
מחבר ראשי:
Hernández Chavez, Alcides
פורמט:
Texto
יצא לאור:
s.l.:
s.e.
תגים:
הוספת תג
אין תגיות, היה/י הראשונ/ה לתייג את הרשומה!
מלאי ספרים
תיאור
הערות
פריטים דומים
תצוגת צוות
MARC
LEADER
00000 a a2200000 04500
001
21739
003
040
090
|a
097300
100
|a
Hernández Chavez, Alcides
245
|a
Política económica neoliberal y la obstrucción del aparato productivo en las economías de la periferia
260
|a
s.l.:
|b
s.e.
300
|a
157 p.
999
|c
3714
|d
3714
פריטים דומים
Informe sobre la situación de los derechos humanos en Belize
Informe sobre la situación de los derechos humanos en Honduras
Ponencia
Política económica y pensamiento neoliberal
מאת: Hernández, Alcides
La vinculación de la educación con el aparato productivo del país /
יצא לאור: (1994)